00805cam a22002052 450000100060000000300080000600500170001400800390003103500190007004000310008904100130012008200240013310000480015724501090020526001090031430000320042350000910045550400300054665000230057613199BD-RUCL20211208235423.0140130s1963 enka b 000 0 eng a(BD-RUCL)13250 aDLCcBD-RUCLdBD-RUCLbeng1 aenghrus04a621.8218bAIT 19631 aAĭzerman, M. A.q(Mark Aronovich),d1913-10aTheory of automatic control /cTranslated by Ruth Feinstein; English translation edited by E.A. Freeman. aOxford ;aNew York :bPergamon Press :b[distributed by Addison-Wesley Pub. Co., Reading, Mass.],c1963. axi, 519 p.bdiagrs.c24 cm. aTranslation of: Lekt͡sii po teorii avtomaticheskogo regulirovanii͡a (romaized form). aBibliography: p. 491-513. 0aAutomatic control.